<?xml version="1.0" encoding="UTF-8"?>
<collection xmlns:xsi="http://www.w3.org/2001/XMLSchema-instance" xsi:schemaLocation="http://www.loc.gov/MARC21/slim http://www.loc.gov/standards/marcxml/schema/MARC21slim.xsd" xmlns="http://www.loc.gov/MARC21/slim">
 <record>
  <leader>00000ntmaa22000003a 4500</leader>
  <controlfield tag="001">UP-8027390931311453191</controlfield>
  <controlfield tag="003">Buklod</controlfield>
  <controlfield tag="005">20260218093527.0</controlfield>
  <controlfield tag="006">m|||||o||d||||||||</controlfield>
  <controlfield tag="007">cr |||||||||||</controlfield>
  <controlfield tag="008">260218s2024    xx    a     b ||| u eng  </controlfield>
  <datafield tag="035" ind1=" " ind2=" ">
   <subfield code="a">UPVT-00020033357</subfield>
  </datafield>
  <datafield tag="040" ind1=" " ind2=" ">
   <subfield code="a">UPTC</subfield>
   <subfield code="e">rda</subfield>
  </datafield>
  <datafield tag="041" ind1=" " ind2=" ">
   <subfield code="a">eng</subfield>
  </datafield>
  <datafield tag="090" ind1=" " ind2=" ">
   <subfield code="a">LG 993.5 2024 A3</subfield>
   <subfield code="b">E86</subfield>
  </datafield>
  <datafield tag="100" ind1="1" ind2=" ">
   <subfield code="a">Esmale, Nick Prince A.</subfield>
   <subfield code="e">author.</subfield>
  </datafield>
  <datafield tag="245" ind1="1" ind2="0">
   <subfield code="a">Effectiveness of cryptocurrency regulations on the security and financial well-being of investors in Tacloban City</subfield>
   <subfield code="c">Nick Prince A. Esmale, Krystel Erika M. Tarre, Pamela Kate M. Teodoro, [and] Hannah Cassandra G. Ungab; Flordeliz B. Dacuyan, adviser.</subfield>
  </datafield>
  <datafield tag="264" ind1=" " ind2="0">
   <subfield code="a">Tacloban City</subfield>
   <subfield code="b">Division of Management, University of the Philippines Tacloban College</subfield>
   <subfield code="c">2024.</subfield>
  </datafield>
  <datafield tag="300" ind1=" " ind2=" ">
   <subfield code="a">ii, 158 leaves</subfield>
   <subfield code="b">illustrations, maps, graphs</subfield>
   <subfield code="c">31 cm.</subfield>
  </datafield>
  <datafield tag="336" ind1=" " ind2=" ">
   <subfield code="a">text</subfield>
   <subfield code="2">rdacontent</subfield>
  </datafield>
  <datafield tag="337" ind1=" " ind2=" ">
   <subfield code="a">unmediated</subfield>
   <subfield code="2">rdamedia</subfield>
  </datafield>
  <datafield tag="338" ind1=" " ind2=" ">
   <subfield code="a">volume</subfield>
   <subfield code="2">rdacarrier</subfield>
  </datafield>
  <datafield tag="502" ind1=" " ind2=" ">
   <subfield code="a">Undergraduate thesis (Bachelor of Science in Accountancy) -- University of the Philippines, Tacloban.</subfield>
  </datafield>
  <datafield tag="520" ind1=" " ind2=" ">
   <subfield code="a">This study assessed the effectiveness of cryptocurrency regulations, focusing on their impact on the security and financial well-being of investors in Tacloban City. With the rapid global adoption of cryptocurrencies, driven by technological advancements and market expansions, this research showed how cryptocurrency regulations align with investor protections against fraud and financial losses. Using a mixed-method design, this study began with qualitative insights from government agency interviews and document analysis, followed by a quantitative phase involving questionnaires distributed to local cryptocurrency investors. Findings revealed that a notable lack of detailed provisions for cryptocurrency transactions suggests the regulatory framework is insufficient for the evolving digital landscape. Differences between BSP, SEC, and the users' perspectives on investor awareness underscore potential regulatory misunderstandings. Quantitative results indicate increased investor awareness of regulations correlates with decreased perceived security, highlighting the need to address regulatory deficiencies to bolster confidence. Conversely, better regulatory knowledge enhances investors' financial well-being by giving them greater control over transactions. Moreover, as cryptocurrencies gain traction in the Philippines, the study underscores the urgency for a solid regulatory framework to protect the interests of its users and regulators, particularly in terms of inter-agency and international collaboration, cybersecurity, and investor education.</subfield>
  </datafield>
  <datafield tag="650" ind1=" " ind2="0">
   <subfield code="a">Digital currencies</subfield>
   <subfield code="z">Tacloban City.</subfield>
  </datafield>
  <datafield tag="650" ind1=" " ind2="0">
   <subfield code="a">Cryptocurrencies</subfield>
   <subfield code="z">Tacloban City.</subfield>
  </datafield>
  <datafield tag="653" ind1=" " ind2="0">
   <subfield code="a">Cryptocurrency.</subfield>
  </datafield>
  <datafield tag="653" ind1=" " ind2="0">
   <subfield code="a">Crypto regulatory framework.</subfield>
  </datafield>
  <datafield tag="653" ind1=" " ind2="0">
   <subfield code="a">Investor protection.</subfield>
  </datafield>
  <datafield tag="653" ind1=" " ind2="0">
   <subfield code="a">Financial well-being.</subfield>
  </datafield>
  <datafield tag="653" ind1=" " ind2="0">
   <subfield code="a">Cryptocurrency security.</subfield>
  </datafield>
  <datafield tag="653" ind1=" " ind2="0">
   <subfield code="a">Philippines cryptocurrency.</subfield>
  </datafield>
  <datafield tag="653" ind1=" " ind2="0">
   <subfield code="a">Effective regulations.</subfield>
  </datafield>
  <datafield tag="700" ind1="1" ind2=" ">
   <subfield code="a">Tarre, Krystel Erika M.</subfield>
   <subfield code="e">author.</subfield>
  </datafield>
  <datafield tag="700" ind1="1" ind2=" ">
   <subfield code="a">Teodoro, Pamela Kate M.</subfield>
   <subfield code="e">author.</subfield>
  </datafield>
  <datafield tag="700" ind1="1" ind2=" ">
   <subfield code="a">Ungab, Hannah Cassandra G.</subfield>
   <subfield code="e">author.</subfield>
  </datafield>
  <datafield tag="700" ind1="1" ind2=" ">
   <subfield code="a">Dacuyan, Flordeliz B.</subfield>
   <subfield code="e">adviser.</subfield>
  </datafield>
  <datafield tag="842" ind1=" " ind2=" ">
   <subfield code="a">Thesis</subfield>
  </datafield>
  <datafield tag="905" ind1=" " ind2=" ">
   <subfield code="a">FI</subfield>
  </datafield>
  <datafield tag="905" ind1=" " ind2=" ">
   <subfield code="a">UP</subfield>
  </datafield>
  <datafield tag="852" ind1="0" ind2=" ">
   <subfield code="a">UPTAC</subfield>
   <subfield code="b">UPTAC</subfield>
   <subfield code="h">LG 993.5 2024 A3</subfield>
   <subfield code="i">E86</subfield>
  </datafield>
  <datafield tag="942" ind1=" " ind2=" ">
   <subfield code="a">Thesis</subfield>
  </datafield>
 </record>
</collection>
